Öngyilkosságok
Elmentve itt :
| Szerző: | |
|---|---|
| További közreműködők: | |
| Dokumentumtípus: | Szakdolgozat |
| Megjelent: |
1997
|
| Tárgyszavak: | |
| Online Access: | http://diploma.bibl.u-szeged.hu/87948 |
| LEADER | 00541nta a2200169 i 4500 | ||
|---|---|---|---|
| 001 | dipl87948 | ||
| 005 | 20200623125120.0 | ||
| 008 | 200527s1997 hu om 0|| zxx d | ||
| 040 | |a SZTE Diploma Repozitórium |b hun | ||
| 041 | |a zxx | ||
| 100 | 1 | |a Erhardt Mónika | |
| 245 | 1 | 0 | |a Öngyilkosságok |h [elektronikus dokumentum] / |c Mónika Erhardt |
| 260 | |c 1997 | ||
| 650 | 4 | |a Társadalomtudomány | |
| 650 | 4 | |a Psychology | |
| 700 | 1 | |a Páger Margit |e ths | |
| 856 | 4 | 0 | |u http://diploma.bibl.u-szeged.hu/id/eprint/87948/1/1997_erhardt_monika.pdf |z Dokumentum-elérés |